000 01345nam0a2200349 i 4500
001 RU\NLR\bibl\1952189
005 20260406010120.0
010 _a9785699577736
_bв пер.
_94000
021 _aRU
_b2012-68970
_95058
035 _a(nilc)RSL-KNO-005493886
035 _a(NLR Aleph) 001941315
090 _a3569419
_c3569419
100 _a20120913d2012 u y0rusy50 ca
101 0 _arus
102 _aRU
105 _aa zzzz|||||
200 1 _aУпражнения для увеличения груди
_fЕкатерина Смирнова
210 _aМосква
_cЭксмо
_d2012
215 _a220, [1] с.
_cил.
_d21
300 _aНа обл. авт.: Екатерина Смирнова - врач, инструктор по интим. дыхат. гимнастике
320 _aАлф. указ.: с. 219-221
606 1 _aМолочные железы
_xФорма
_xКоррекция
_92315830
_3RU\NLR\auth\661385714
686 _aР711.1,0
_2rubbk
686 _aР354.111 ,0
_2rubbk
686 _aР120.4
700 1 _4070
_8rus
_7ca
_aСмирнова
_bЕ. А.
_cврач
_gЕкатерина Александровна
_3RU\NLR\auth\77115587
_998512
801 0 _aRU
_bRuMoRKP
_c20120913
_grcr
801 1 _aRU
_bРГБ
_c20120913
801 2 _aRU
_bNLR
_c20121007
_grcr
942 _cBOOK
980 _aNBR